02290nam a22003857a 4500008004100000020001800041040000800059041001300067100004000080245007300120246004700193246002100240260003800261300004700299490001900346505019900365520056700564546004101131650007101172650007001243650004701313650006601360650003701426650004801463650004901511655002401560655004601584655004701630655003101677655003601708700003201744942000801776952010501784999001501889250523b |||||||| |||| 00| 0 eng d a9781399818223 ctbs achiaeng aScurfield, Elizabeth925325eauthor aBeginner's Mandarin Chinese c/ Elizabeth Scurfield and Song Lianyi. aTeach yourself beginner's Mandarin Chinese aMandarin Chinese aLondon :bTeach Yourself, c2024. axxxix, 199 pages :billustations ;c20 cm. aTeach yourself aMapped to A1-B1 on the Common European Framework of Reference — Everyday phrases and expressions — A bilingual word list — Practice activities — Listening exercises with online audio.  aBeginners' Mandarin Chinese is for absolute beginners and those who've had some previous experience with the language and want to refresh their knowledge. Clear and simple explanations make the course appropriate and accessible to anyone learning Mandarin Chinese. There are extensive illustrations and tools to help you plan your studies and track your progress, all designed to support learning on your own. This course is also ideal to use with one-to-one tutoring and as a classroom course, and it's the perfect resource to pair with a language-learning app. aText in English and Mandarin Chinese 0aChinese language xTextbooks for foreign speakers xEnglish913566 0aChinese language xConversation and phrase books xEnglish913574 0aChinese language xSelf-instruction913568 0aChinese languagexStudy and teachingxForeign speakers925326 0aChinese languagexGrammar925327 0aMandarin dialects xSelf-instruction913569 0aMandarin dialectsxStudy and teaching925328 0aPhrase books925062 0aProgrammed instructional materials925329 0aInstructional and educational works923270 0aInformational works923310 0aSelf-instructional works925331 aSong, Lianyi925330eauthor 2lcc 00102lcc4070aTBSbTBSd2025-05-23l0oP-CH LEARN SCUpB05868r2025-05-23t1w2025-05-23yCHINESE c4699d4699